Els Museus d'Osona / [Amics dels Museus d'Osona]
Descripción Física:
[13] p. ; 21 cm
Materias:
Museus -- Osona -- Guies
MARC
| LEADER | 00000nam a2200000Ia 4500 | ||
|---|---|---|---|
| 001 | 14853 | ||
| 003 | BGR | ||
| 005 | 20260324175317.0 | ||
| 008 | 160829s9999 xx 000 0 cat d | ||
| 080 | |a FU-31-30 | ||
| 245 | |a Els Museus d'Osona / [Amics dels Museus d'Osona] | ||
| 260 | |a Vic : |b els Amics, DL 1997 | ||
| 300 | |a [13] p. ; |c 21 cm | ||
| 590 | |a A la contraportada: Diputació de Barcelona, Àrea de Cultura, Oficina de Patrimoni Cultural | ||
| 650 | |a Museus |x Osona |x Guies |9 26158 | ||
| 710 | 2 | |9 70304 |a Amics dels Museus d'Osona | |
| 901 | |a Arxiu | ||
| 942 | |n 1 |2 udc |c MON | ||
| 952 | |0 0 |1 0 |4 0 |6 FU3130 |7 1 |9 43901 |a Arxiu |b Arxiu |d 2016-12-01 |l 0 |o FU-31-30 |p 14853 |r 2016-12-01 00:00:00 |w 2016-12-01 |y ARXIU | ||
| 999 | |c 46481 |d 46481 | ||